000
00292nam a22001217a 4500
999
_c
522791
_d
522791
003
NUST
038
_a
Tanveer
082
_a
891.4393
_b
WAH
245
_a
Delhi Jo Aik Shehr Ta /
_c
Mula Wahidi
260
_a
Pakistan
_b
Oxford University Press
_c
2003.
300
_a
196p. :
_c
25cm
942
_2
ddc
_c
BK